[Event "EU-chT (Men) 16th"]
[Site "Heraklion"]
[Date "2007.10.30"]
[Round "3.1"]
[White "Kotronias, Vasilios"]
[Black "Berg, Emanuel"]
[Result "0-1"]
[WhiteElo "2614"]
[BlackElo "2593"]
[Annotator "Berg,E"]
[PlyCount "132"]
[EventDate "2007.10.28"]
[EventType "team-swiss"]
[EventRounds "9"]
[EventCountry "GRE"]
[SourceTitle "CBM 121"]
[Source "ChessBase"]
[SourceDate "2007.11.14"]
[SourceVersion "1"]
[SourceVersionDate "2007.11.14"]
[SourceQuality "1"]
[WhiteTeam "Greece"]
[BlackTeam "Sweden"]
[WhiteTeamCountry "GRE"]
[BlackTeamCountry "SWE"]

1. e4 e6 2. d4 d5 3. Nd2 Nf6 4. e5 Nfd7 5. c3 c5 6. Bd3 Nc6 7. Ne2 cxd4 8. cxd4
f6 9. exf6 Nxf6 10. Nf3 Qc7 11. O-O Bd6 12. Bg5 O-O 13. Rc1 {This is the most
common move in the position nowadays. It's also the move used regularly by
Tiviakov, who is one of the experts with White in the 3.Nd2 French lines. This
was my second encounter against Kotronias with the Black pieces. In all his
previous games in the database he had choosen 13.Bh4, so Rc1 came as a small
surprise to me. Our last game in Rilton Cup 2006/2007 went} (13. Bh4 Nh5 14.
Nc3 (14. Qc2 {does not give White much of an advantage. Recently in Calvia
Open 2007 my Black game against Godena went} h6 15. Bh7+ ({White can win an
exchange playing} 15. Bg6 Rxf3 16. gxf3 Bxh2+ 17. Kh1 ({The alternative} 17.
Kg2 $5 {gives good compensation for Black after} Nf4+ 18. Nxf4 Bxf4 {Stronger
than} (18... Qxf4 19. Bg3 Bxg3 20. fxg3 {Black will get two pawns for the
exchange. However practice has shown that White has the better chances and
especially the pawn break f3-f4-f5 is very dengerous for Black.}) 19. Bg3 Bd7 {
followed by...Rf8. Black has a pawn for the given exchange and also a better
pawn structure.}) 17... Nf4 18. Ng3 {with a crazy-looking position. However
this is very well know and totally outanalysed. After the very strong reply} e5
$1 {Black is at least equal and it's already White who is fighting for
survivial.} {The game Can,E-Berg,E/Kusadasi 2006/CBM 111 ext went} 19. Bh7+ Kh8
20. Kxh2 g5 21. Bf5 gxh4 22. Bxc8 Qxc8 23. Nf5 Qd7 24. Rh1 Nxd4 {and White was
ready for resignition.}) 15... Kh8 16. Bg6 Rxf3 17. Bxh5 Rf8 (17... Bxh2+ 18.
Kh1 Rf8 19. f4) 18. Bg3 Bd7 19. Rac1 Rf6 20. Bxd6 Qxd6 21. Qc5 Qxc5 22. Rxc5
Be8 23. Bxe8 Rxe8 24. f4 Kg8) 14... a6 15. Rc1 g6 16. Na4 {when I came up with
the strong novelty} Qa5 $1 {with a comfortable game for Black. The main idea is
} 17. a3 (17. Nc5 $2 {is bad in view of} Rxf3 $1 18. gxf3 Nxd4 {wuth excellent
compensation for the given material.}) ({Instead the game continued} 17. b3 Bd7
18. Bb1 Rae8 {and Black was doing fine in 1/2-1/2 Kotronias,V-Berg,E/Stockholm
2007/[Berg,Emanuel] (64)}) 17... Rxf3 18. gxf3 Qc7 19. Bg3 Nxg3 20. fxg3 Bxg3 {
after which White does best in accepting the draw with} 21. hxg3 Qxg3+ 22. Kh1
Qh3+ {and perpetual checks.}) 13... h6 {This is a rather odd move that has
grown in popularity the last few years- I have started to play it regularly
myself with very good results.} 14. Bh4 {The most challenging move. The
alternative} (14. Bd2 {doesn not give Black any real problems. Azarov,S-Berg,E/
Moskva 2006/[Berg,Emanuel] went} Bd7 15. Ng3 (15. b4 $5) 15... Rae8 16. Bc3 Qb8
17. Bg6 Re7 18. Re1 Be8 19. Bb1 Bf4 20. Bd2 Bd6 21. a3 a6 22. Qc2 Bxg3 $1 {
Black takes control over the white squares.} 23. hxg3 Ne4 24. Bf4 Qd8 (24...
Rxf4 $2 25. gxf4 Qxf4 26. Qe2 $16) 25. Qd3 g5 (25... Bg6 $2 {is bad in view of}
26. Rxc6 $1 bxc6 27. Ne5 Be8 28. Qxa6 {whith a clear advantage to White who is
totally dominating the position.}) 26. Be3 Qd6 27. b4 Bh5 28. Nd2 Nxd2 29. Qxd2
Rg7 30. Rc5 Bg6 31. Ba2 Be4 32. Rec1 {and a draw was agreed.}) 14... Nh5 15.
Bg3 Nxg3 16. Nxg3 (16. hxg3 {is a worthy alternative to cover the f4-square,
but here the knight on e2 becomes a bit more passive.}) 16... Qf7 17. Qe2 {
White is preparing Ne5.} (17. Bb1 {was played in Tiviakov,S-Berg,E/Mallorca
2004/CBM 104/[Tiviakov/Berg] (40) After} g5 18. Qd3 Bd7 19. a3 (19. Rce1 a6 $1
$13 (19... Rae8 20. Ne5 $14)) 19... Rae8 20. Rce1 $146 Re7 21. h3 (21. Ne5 $5
Nxe5 22. dxe5 Bc5 23. Re2 $13 (23. Qe2 Be8)) 21... Be8 22. Re3 Qg7 23. Rfe1 {
Black should have played simple with} Rf6 ({Instead the interesting exchange
sacrifice} 23... Rxf3 {was played, but Black didn't get enough compensatrion.})
24. Ne5 Bxe5 25. dxe5 Rf4 (25... Rf8 26. b4 a6 27. Qd1 $14) 26. Ne2 Rh4 $1 $11
{and the game is in balance.}) 17... Bd7 18. Bb1 {Now White threatens Ne5.} ({
The immediate} 18. Ne5 {fails after} Nxd4 {and Black wins a pawn.}) 18... g5 $1
{A very risky move, but also necessary to be played. Black covers h7 with his
Queen and hinders White from playing Ne5.} (18... Rae8 $2 {would have been a
mistake due to} 19. Ne5 {and now} Nxd4 $4 {looses to} 20. Qd3 $18 {with
multiple threats.}) 19. Rcd1 {White protects his d4-pawn and once again
prepares to play Ne5.} Bf4 $1 {Strenghtens the position of the Bishop. Now
Black is prepared for Ne5 as the Bishop on f4 now blocks the planned pawn
advance f2-f4.} ({The natural looking} 19... Rae8 {would give Black a lot og
headaches after} 20. Ne5 Nxe5 21. dxe5 Bc5 22. Nh5 {with a clear advantage tp
White.}) 20. Ne5 Nxe5 21. dxe5 Be8 $1 {Prevents White from playing Nh5 and
also preparing the pawn advance ...h5.} 22. Rde1 h5 23. f3 h4 {This is very
stright forward. A waiting move like ...a6 or ...Rc8 would have been
interesting as well.} 24. Nh1 {Threatening to trap Black's Bishop with g3.} g4
$1 {The idea behind Blacks last move. Blacj sacrifices a pawn for active
counterplay.} 25. g3 ({Grabbing the pawn with} 25. fxg4 {looks very risky for
White after} d4 {followed by ...Be3 and White is under heavy pressure.}) 25...
hxg3 26. hxg3 gxf3 (26... Qg7 $2 27. fxg4 {is good for White. Black doesn't
have enough compensation for the sacrificed pawn.}) 27. Rxf3 Qg7 28. Qh2 (28.
Qf2 {is well met by} Bh6 ({Not} 28... Bg5 $4 29. Bh7+ $1 {when White is
winning.}) 29. Rf6 Bf7 {followed by ...Bg5. White is quite active at the
moment, but he cannot do much about it as his Knight on h1 is totally
missplaced.}) 28... Bh6 29. Rxf8+ Kxf8 $1 {The King is heading for a safe
place on the queenside. This is the first step in the right direction.} 30. Qh3
{White forces Black to passivity and prepares the Knight manuvre N-f2-g4. The
drawback is that the Queen is rather poorly placed on h3.} Bf7 31. Rf1 ({
The immediate} 31. Nf2 {was also interesting. Then Black should play} Rc8 $1 {
with the idea of ...Rc1 to exchange the Rooks.}) 31... Be3+ 32. Nf2 ({After} 
32. Kg2 $2 {Black can simply take a pawn} Qxe5 {as after} 33. Bg6 Qxb2+ {
White is forced to block the f-file and unpin the Bishop on f7.}) ({in case of
} 32. Kh2 {Black has a draw with} Qxe5 33. Bg6 Qxb2+ 34. Qg2 Qh8+ 35. Qh3 Qb2+
{but 32...Ke8 looks even stronger.}) 32... Ke7 {According to the plan of
taking the King to the Queenside, but now it was stronger to play} (32... Bd4
$1 {and then simply grab the pawn on e5 with a clear advantage to Black.}) 33.
Qh4+ Kd7 34. Kg2 (34. Qa4+ {was worth trying as after} Kc7 35. Qa5+ {Black
must make some brave decisions if he likes to avoid a draw.} Bb6 (35... Kd7 36.
Qa4+ {is equal.}) 36. Qc3+ Kd7 37. Kg2 {The position is far from clear and
Black need to be careful, but the pair of Bishops should give him the
advantage.}) 34... Rg8 {Putting pressure along the g-file and also freeing the
way for the Black King.} 35. Ng4 Bg5 (35... Qxg4 $4 {looses to} 36. Rxf7+ Kc6
37. Qxg4 Rxg4 38. Kf3 {winning a piece.}) 36. Qh7 {Now Black gets a very nice
endgame.} ({The alternative} 36. Nf6+ Kc8 37. Qd4 Bxf6 38. Qc3+ Kb8 39. exf6
Qg5 {is also good for Black. White's passed pawns are blocked and cannot do
any harm and Black's King is in safety which is not the casefor the White
Monarch on g2.}) 36... Qxh7 37. Bxh7 Rg7 38. Bd3 Kc6 $1 {Black's King is
heading for d4 ti attack the e5-pawn.} 39. Nf6 $2 {White tries to do something
active in the timetrouble, but this backfires as it just weaken his position
and gives Black extra time.} (39. Rh1 {would have been clearly better. The
Rook is getting active along the h-file and also prevents ...Bh5. Black still
has some advantage, but is far from winning the game.}) 39... Kc5 {Threatens ..
.Kd4.} 40. Nh7 {White is playing for tricks, but the tricks doesn't work.} (40.
Nd7+ Kd4 (40... Kc6 41. Nf6 {repeat moves.}) 41. Rd1 {would have given better
chances.}) 40... Be3 41. Nf8 Kd4 42. Bg6 Bg8 $1 {A very strange-looking move.
Here the bishop is stalemated, but White cannot make use of it and his
position is about to fall apart. Moreover the light White pieces on f8 and g6
also looks rather funny and the bad placement of the g8-Bishop is just very
temporarly.} 43. Kf3 {White starts a KIng march to h5 to protect the Bishop on
g6, but Black is just in time.} Bg5 {Threatening ...Be7.} 44. Kg4 Be7 45. Kh5
Bxf8 46. Rxf8 {White is now threatening Kh6 winning a piece.} Bh7 {Finally the
Bishop gets out forcing a won Rook ending.} 47. Bxh7 Rxh7+ 48. Kg6 Rh2 $1 49.
Rb8 $1 {White goes away from the f-file and threatens to play Kf6.} (49. Kf6 {
is not possible because of} Rf2+ 50. Ke7 Rxf8 51. Kxf8 Kxe5 {winning.}) 49...
Kxe5 $1 {Black can easily give his queenside pawns now as his connected passed
pawns in the center soon will be decisive.} (49... Rxb2 $2 50. Kf6 {would have
been a big mistake.}) 50. Rxb7 d4 51. g4 (51. Rxa7 Rxb2 {would not have
changed much.}) 51... Kf4 {Activates the King and prepared the advance of the
e-pawn.} 52. g5 e5 53. Rf7+ Ke3 54. Rxa7 d3 55. Kf5 e4 56. g6 (56. Ra4 d2 (
56... Rf2+ 57. Ke5 Rf4 $19) 57. Rxe4+ Kd3 58. Re5 Rh4 $19) 56... Rxb2 57. g7
Rf2+ 58. Ke6 Rg2 59. Kf7 d2 60. Rd7 Ke2 61. a4 e3 62. a5 d1=Q 63. Rxd1 Kxd1 64.
a6 e2 65. a7 e1=Q 66. a8=Q Rf2+ {White resigned in view of} (66... Rf2+ 67. Kg6
Qe6+ 68. Kg5 Rf5+ 69. Kh4 Qh6+ 70. Kg3 Qg6+ 71. Kh2 Rh5#) 0-1

[Event "EU-chT (Men) 15th"]
[Site "Gothenburg"]
[Date "2005.07.31"]
[Round "2.3"]
[White "Perunovic, Milos"]
[Black "Berg, Emanuel"]
[Result "0-1"]
[WhiteElo "2559"]
[BlackElo "2539"]
[Annotator "Berg,E"]
[PlyCount "66"]
[EventDate "2005.07.30"]
[EventType "team-swiss"]
[EventRounds "9"]
[EventCountry "SWE"]
[SourceTitle "CBM 109"]
[Source "ChessBase"]
[SourceDate "2005.11.14"]
[SourceVersion "1"]
[SourceVersionDate "2005.11.14"]
[SourceQuality "1"]
[WhiteTeam "Serbia & Montenegro"]
[BlackTeam "Sweden"]
[WhiteTeamCountry "YUG"]
[BlackTeamCountry "SWE"]

1. e4 e6 2. d4 d5 3. Nd2 Nf6 4. e5 Nfd7 5. Bd3 c5 6. c3 Nc6 7. Ngf3 g6 {
Playing like this might look a bit strange at first sight, but there is an
easy and logical plan behind it. The white setup is built up on an opening of
the center either by sacrificing the d4-pawn or to break with c3-c4 or dxc5.
In all cases the white e5 pawn will become vulnerable and if black in addition
has a bishop on g7 pointing at e5 it will be very difficult for white to carry
out his plan.} ({I have earlier played} 7... Qb6 {in a few games, but after} 8.
O-O {I have ended up in difficulties after both 8...cxd4 and 8...g6 In the
game Emms-Berg, Gausdal 1995 there followed} cxd4 9. cxd4 Nxd4 10. Nxd4 Qxd4
11. Nf3 Qb6 12. Qa4 Qb4 13. Qc2 Nc5 14. Bd2 Qa4 15. b3 Qg4 16. Bb5+ Bd7 17.
Bxd7+ Kxd7 18. b4 Qe4 19. Qd1 Nd3 20. Qa4+ {with a decisive attack for white. 
In Bundesliga 2002 against Joseph Gallagher I played 8...g6 instead and there
followed 9.dxc5 Dc7 10.Lb5 Lg7 11.b4 0-0 12.Db3 Sdxe5 13.Lb2 with an
interesting position that white later on went on to win. Comparing this
variation with the game, white has earned a whole tempo on black's queen
maneuver first to b6 and than back to c7. It's also not clear if c7 is a good
square for the queen and so 7...g6 seems to be a better option.}) 8. h4 {
White plays active and tries to make use of the weakening g6.} ({A few rounds
later in the tournament I met} 8. O-O {when playing black against Pontus
Carlsson in Sweden II. After} Bg7 {he surprised me with the interesting move}
9. Bb5 $5 O-O 10. Re1 Qb6 11. Qa4 a6 12. Bxc6 bxc6 13. Nb3 c4 14. Na5 {and got
a good position. Blacks bishop on c8 is totally closed inside, even worse than
the normal "French bishop".}) 8... h6 $1 {Ett naturligt och starkt drag som
märkligt nog inte anges i teoriböckerna. Visserligen har det inte spelats
särskilt många partier ännu, men första partiet spelades redan 1997. Nu kan
vits h5-stöt alltid besvaras med ...g5! Dessutom är svart beredd att bryta med
...g5 när vit rockerar kort.} 9. a3 {Vit är på gång med att spela b2-b4.
Skulle han hinna med det får svart stora problem.} Qb6 {Black now threatens
the d4 pawn and playing b2-b is no longer possible.} ({In the First Round of
the European T-ch between Timofeev-Dizdar black instead played} 9... a5 $2 {
This move stops the advance b2-b4, but it also weakens the b5-square seriously.
White was better after} 10. O-O g5 11. hxg5 hxg5 12. g4 $1 {Stop all blacks
counter play on the kingside.} Qb6 13. Qa4 {Vit har full kontroll över
ställningen och kan nu börja manövrera med sina pjäser och bearbeta
svagheterna i svarrts ställning.} Be7 14. Re1 Qc7 15. Nf1 {Now the g5 pawn is
threatened and in the same time the knight is about reaching a nice position
on h5. White is already clearly better and went on to win in an instructive
manner.}) 10. O-O {White now puts his king right in front of black's coming
attack. Perhaps it was better to play} (10. Qa4 {Even though the white queen
get a bit offside here is protects the d4 pawn at least. White's idea is to
continue with the knight maneuver Kd2-f1-e3. As black is a bit squeezed with
his pieces and its difficult to make any break through it seems that white
actually got time for this.}) 10... g5 $1 ({Better than} 10... cxd4 11. cxd4
Nxd4 12. Nxd4 Qxd4 13. Nf3 {as played in Boguszlavszkij,J-Simonsen,H ,
Budapest 2004. White get a dangerous initiative for the sacrificed pawn. There
followed} Qg4 14. Bd2 g5 15. Be2 gxh4 16. Ng5 Qd4 17. Nxe6 $1 {with a crushing
position for white.}) 11. hxg5 hxg5 12. Nxg5 cxd4 13. cxd4 ({The tempting
sacrifice} 13. Nxf7 {doesn't work because of} Kxf7 14. Qf3+ Ke8 $1 {and the
black king runs away.} ({Not} 14... Ke7 15. Nc4 $1 {winning, ie} Ncxe5 (15...
dxc4 16. Bg5+ Nf6 17. Qxf6+ Kd7 18. Qxh8 {wins as well.}) 16. Bg5+ Ke8 17. Bg6+
$1 Nxg6 18. Nxb6 axb6 19. cxd4 {White has queen and pawn for three minor
pieces and should win even though some practical problems still might occur.}))
13... Qxd4 {Taking with the queen is more logical than with the knight Now
black keeps the pressure against the e5 pawn and in the same time the queen is
heading for the kingside giving check mate.} ({After} 13... Nxd4 14. Ndf3 {
white keeps the e5 pawn and has a firm grip of the position.}) 14. Ndf3 Qg4 15.
Nxf7 {It is difficult to find anything better for white. The e5 pawn was
threatened in the same time as ...Qh5 with matethreat was about to come.} ({
If white tries to get active counterplay with} 15. Bb5 {there will follow} Qh5
16. Nh3 Ndxe5 17. Nxe5 Qxe5 18. Re1 Qf5 {with a healthy pawn to the good and
advantage for black.}) 15... Rg8 $1 {Black now threatens mate on g2 but also
to capture the knight on f7 as the knight jump to g5 now can be met with ...
Rxg5!} (15... Kxf7 $4 {looses the queen to} 16. Ng5+) 16. N7g5 (16. N3g5 {
is simply met with} Qxd1 17. Rxd1 Ndxe5 18. Nxe5 Nxe5 {with a nice endgame for
black. If white plays} 19. Bh7 ({In case of} 19. Bb5+ Bd7 20. Nxe6 {is bad in
view of} Nf3+ {and the white king will soon get mated.}) 19... Rg7 20. Re1 Bd6
{the move} 21. Bf4 {doesn't work because of} Nf3+ $1 22. Nxf3 Bxf4 {with
advantage to black. Also 21.f4 is bad for white after 21...Ng4 22.Nxe6? Rxh7
23.Nc7+ Kd8 24.Nxa8 Bc5+ 25.Kf1 b6 and the knight on a8 will fall while black
in addition has a dangerous attack.}) 16... Ndxe5 (16... Be7 {with the threat
of ...Bxg5 will be met with} 17. Be2 $1 {and blacks queen is in trouble.}) 17.
Be2 {White chooses to avoid exchange of queens, which is not unfavorable for
black. The h-file is wide open and white's king is very exposed.} (17. Nxe5
Qxd1 18. Rxd1 Nxe5 {leads to earlier mentions variations. See comments to 16.
N7g5}) 17... Nxf3+ 18. Bxf3 Qh4 19. g3 $4 {White was already in trouble, but
now he looses the whole game in just one move. Instead he should play} (19.
Bh5+ {followed by Qg4 to force queen exchange with drawing chances.}) ({
The spectacular} 19. Bxd5 {doesn't seem to work after} exd5 20. Qxd5 Rg7 21.
Re1+ Be7 {and white has insufficient compensation.}) 19... Rxg5 $1 20. Bxg5
Qxg5 21. b4 Bd7 22. Rc1 Bd6 23. Re1 ({If white tries to get counter play on
the h-file with} 23. Kg2 {black can answer} Ke7 $1 24. Rh1 Rg8 25. Rh7+ Kd8 {
and he has made an artificial castle. The black king is safe on d8, but
white's king is in serious trouble.}) 23... Kf7 {Black walks out of the pin
and prepared to bring his rook over to the kingside.} 24. Bg2 Rh8 25. Qb3 Qh5
26. Rcd1 ({White had the chance going to an endgame with} 26. Qf3+ Qxf3 27.
Bxf3 {but after} Nd4 {blacks position is superior.}) 26... Ne5 ({An
interesting possibility was} 26... Nxb4 $5 27. axb4 Qh2+ 28. Kf1 Bb5+ 29. Rd3
Bxg3 $3 {winning for black. But it felt unnecessary to complicate the game and
instead I chose to play simple.} (29... Qh7 30. Ree3 Rc8 {gives black a pawn
up and a clear advantage.})) 27. a4 Ng4 {The knight is heading for f6 where it
can defend the king and support the coming ...e6-e5.} 28. Rd3 Kg7 29. Qc3+ Nf6
30. b5 Rh6 {An unnecessary precautionary measure.} ({The immediate} 30... e5 $1
{was better.}) 31. Qa5 {White takes a chance in the time trouble, but black is
well ahead in his attack.} e5 32. Qxa7 e4 33. Rc3 Bb4 {White is totally lost
and will soon get mated .} ({An nice finish could have been} 33... Bg4 34.
Qxb7+ Kg6 35. Rc6 Qh2+ 36. Kf1 Qh1+ $3 37. Bxh1 Rxh1+ 38. Kg2 Bf3#) 0-1